[Event "2. Bundesliga West 2013/14"]
[Site "Salzburg"]
[Date "2013.10.19"]
[Round "2"]
[Board "4"]
[White "Scheiblmaier, Robert"]
[Black "Riediger, Martin"]
[Result "1/2-1/2"]
[WhiteElo "2184"]
[BlackElo "2264"]
[PlyCount "68"]
[EventDate "2013.10.18"]
[EventType "team"]
[EventRounds "11"]
[EventCountry "AUT"]
[WhiteTeam "ASK Salzburg 1"]
[BlackTeam "Ranshofen"]

1. d4 Nf6 2. c4 c6 3. Nc3 d5 4. cxd5 cxd5 5. Nf3 g6 6. Bf4 Nc6 7. h3 Bg7 8. e3
O-O 9. Be2 Ne4 10. O-O Nxc3 11. bxc3 Na5 12. Rb1 b6 13. Nd2 Bb7 14. c4 dxc4 15.
Qa4 Bc6 16. Qb4 b5 17. a4 a6 18. axb5 axb5 19. Bf3 Rc8 20. Bxc6 Nxc6 21. Qxb5
e5 22. Bg3 exd4 23. Nxc4 dxe3 24. Nxe3 Nd4 25. Qa6 Rc6 26. Qa2 Qa8 27. Qxa8
Rxa8 28. Rb8+ Rxb8 29. Bxb8 Rb6 30. Bc7 Rb7 31. Bd6 Ne2+ 32. Kh2 Rd7 33. Re1
Nc3 34. Nc4 Rd8 1/2-1/2

[Event "2. Bundesliga West 2013/14"]
[Site "Salzburg"]
[Date "2013.10.19"]
[Round "2"]
[Board "5"]
[White "Knechtel, Roland"]
[Black "Besner, Bernhard"]
[Result "1-0"]
[WhiteElo "2205"]
[BlackElo "2201"]
[PlyCount "47"]
[EventDate "2013.10.18"]
[EventType "team"]
[EventRounds "11"]
[EventCountry "AUT"]
[WhiteTeam "Ranshofen"]
[BlackTeam "ASK Salzburg 1"]

1. d4 d5 2. c4 e6 3. cxd5 exd5 4. Nc3 c5 5. Nf3 Nc6 6. dxc5 d4 7. Ne4 Bf5 8.
Ng3 Be6 9. e4 Bxc5 10. a3 Nf6 11. Bd3 O-O 12. O-O Bg4 13. h3 Bxf3 14. gxf3 Ne5
15. f4 Ng6 16. Nf5 Re8 17. Qf3 Rc8 18. Bd2 Ne7 19. e5 Nfd5 20. h4 Bb6 21. Nd6
f5 22. Bxf5 Nc7 23. Qb3+ Ned5 24. Bxc8 1-0

[Event "2. Bundesliga West 2013/14"]
[Site "Salzburg"]
[Date "2013.10.19"]
[Round "2"]
[Board "6"]
[White "Loeffler, Christoph"]
[Black "Kuecher, Wolfgang"]
[Result "1/2-1/2"]
[WhiteElo "2167"]
[BlackElo "2079"]
[PlyCount "148"]
[EventDate "2013.10.18"]
[EventType "team"]
[EventRounds "11"]
[EventCountry "AUT"]
[WhiteTeam "ASK Salzburg 1"]
[BlackTeam "Ranshofen"]

1. e4 g6 2. d4 Bg7 3. c3 c6 4. Bd3 d5 5. e5 Nh6 6. h3 f6 7. Nf3 O-O 8. O-O fxe5
9. Nxe5 Nd7 10. Nxd7 Bxd7 11. Bg5 Nf7 12. Bh4 Re8 13. f4 Qb6 14. Qb3 Nd6 15.
Bf2 Rf8 16. Be3 Nf5 17. Bxf5 Bxf5 18. Nd2 Bh6 19. Kh2 Qc7 20. Rf2 Rf7 21. g3
Qc8 22. h4 Bg4 23. Re1 Qc7 24. Nf3 Bxf3 25. Rxf3 Raf8 26. Ref1 Qd7 27. Kg2 Qc7
28. Bd2 Qb6 29. Qxb6 axb6 30. Re1 Ra8 31. a3 Kf8 32. Rfe3 Ke8 33. Re6 Kd7 34.
h5 Rg8 35. Kf3 Bf8 36. hxg6 hxg6 37. Kg4 Rh7 38. Bc1 b5 39. b3 Rh2 40. R6e2
Rxe2 41. Rxe2 Ke8 42. a4 bxa4 43. bxa4 Kd7 44. Ba3 Rh8 45. Kg5 Rg8 46. a5 Rg7
47. Rb2 Kc7 48. Bc5 Rh7 49. g4 Rg7 50. Rb6 Rg8 51. a6 bxa6 52. Rxa6 Kd7 53.
Ra7+ Kd8 54. Bb6+ Ke8 55. Rc7 Kf7 56. Rxc6 Bg7 57. Kh4 Rh8+ 58. Kg3 Rh1 59. Bc7
Rc1 60. Rc5 Ke6 61. Ba5 Rg1+ 62. Kf3 Rf1+ 63. Ke3 Re1+ 64. Kd2 Re4 65. Bc7 g5
66. f5+ Kd7 67. Bb8 Rxg4 68. Rxd5+ Kc8 69. Be5 Bxe5 70. dxe5 Rf4 71. e6 g4 72.
Rd4 Rxf5 73. Rxg4 Re5 74. Rg6 Kc7 1/2-1/2

[Event "2. Bundesliga West 2013/14"]
[Site "Salzburg"]
[Date "2013.10.19"]
[Round "2"]
[Board "1"]
[White "Arnaudov, Petar"]
[Black "Palac, Mladen"]
[Result "1-0"]
[WhiteElo "2451"]
[BlackElo "2561"]
[PlyCount "79"]
[EventDate "2013.10.18"]
[EventType "team"]
[EventRounds "11"]
[EventCountry "AUT"]
[WhiteTeam "SIR Bernhard 2"]
[BlackTeam "Schwarzach"]

1. d4 Nf6 2. c4 e6 3. Nc3 Bb4 4. e3 O-O 5. Bd3 d5 6. Nf3 b6 7. a3 Bxc3+ 8. bxc3
Ba6 9. cxd5 exd5 10. Bxa6 Nxa6 11. Qd3 Qc8 12. O-O c5 13. Nd2 Re8 14. f3 c4 15.
Qe2 Qe6 16. Re1 Nh5 17. g3 Qg6 18. Kh1 Re6 19. e4 Rae8 20. Qg2 Nc7 21. Bb2 f5
22. Re2 Nf6 23. e5 f4 24. Rae1 Nd7 25. gxf4 Qf7 26. Nf1 Qxf4 27. Bc1 Qf7 28. f4
Kh8 29. Ne3 Rg6 30. Qf3 Rh6 31. f5 Rh4 32. Ng2 Re4 33. Rxe4 dxe4 34. Rxe4 g6
35. f6 Qe6 36. Re1 b5 37. Bh6 Kg8 38. Nf4 Qf7 39. Nh3 Nxf6 40. Rf1 1-0

[Event "2. Bundesliga West 2013/14"]
[Site "Salzburg"]
[Date "2013.10.19"]
[Round "2"]
[Board "2"]
[White "Krstic, Uros"]
[Black "Schenk, Andreas"]
[Result "1-0"]
[WhiteElo "2439"]
[BlackElo "2493"]
[PlyCount "130"]
[EventDate "2013.10.18"]
[EventType "team"]
[EventRounds "11"]
[EventCountry "AUT"]
[WhiteTeam "Schwarzach"]
[BlackTeam "SIR Bernhard 2"]

1. e4 e6 2. d4 d5 3. Nd2 c5 4. exd5 Qxd5 5. dxc5 Bxc5 6. Ngf3 Nf6 7. Bc4 Qc6 8.
Qe2 O-O 9. Nb3 Nbd7 10. Nxc5 Qxc5 11. Be3 Qc7 12. O-O b6 13. Bd4 Bb7 14. Ne5
Rac8 15. b3 Nxe5 16. Bxe5 Qc6 17. f3 Rfd8 18. Kh1 Qc5 19. Bb2 Qg5 20. Bd3 Rd7
21. Rae1 Qh6 22. Qf2 Nd5 23. Be4 Nf6 24. Bxb7 Rxb7 25. Rd1 Qg5 26. c4 b5 27.
cxb5 Qxb5 28. Bxf6 gxf6 29. Rd4 Rd7 30. Rfd1 Rcd8 31. Rg4+ Kf8 32. Rxd7 Rxd7
33. h3 h5 34. Ra4 a5 35. Rc4 Rd1+ 36. Kh2 Rd5 37. f4 Qd7 38. Qf3 Qb7 39. Rc5
Qb4 40. Rc8+ Ke7 41. Rc4 Qd2 42. a4 Kf8 43. Rc8+ Ke7 44. Qe4 h4 45. Qc4 Rd7 46.
Qc5+ Qd6 47. Qf2 Rb7 48. Ra8 e5 49. Qf3 Qb4 50. fxe5 fxe5 51. Rxa5 f6 52. Rc5
Qxc5 53. Qxb7+ Kd8 54. Qe4 Ke7 55. Qxh4 Qd5 56. Qh7+ Kf8 57. Qc7 e4 58. a5 e3
59. Qf4 Qe6 60. a6 e2 61. a7 e1=Q 62. a8=Q+ Kg7 63. Qc7+ Kg6 64. b4 Q1e5+ 65.
Qxe5 Qxe5+ 1-0

[Event "2. Bundesliga West 2013/14"]
[Site "Salzburg"]
[Date "2013.10.19"]
[Round "2"]
[Board "4"]
[White "Brumen, Dinko"]
[Black "Huch, Reiner"]
[Result "1-0"]
[WhiteElo "2358"]
[BlackElo "2334"]
[PlyCount "49"]
[EventDate "2013.10.18"]
[EventType "team"]
[EventRounds "11"]
[EventCountry "AUT"]
[WhiteTeam "Schwarzach"]
[BlackTeam "SIR Bernhard 2"]

1. d4 d5 2. Bg5 h6 3. Bh4 c6 4. e3 Qb6 5. b3 e5 6. Nf3 exd4 7. exd4 Bg4 8. Be2
Be7 9. Bxe7 Nxe7 10. O-O O-O 11. h3 Bf5 12. Re1 Ng6 13. Bd3 Bxd3 14. Qxd3 Nd7
15. Nbd2 Rad8 16. Nf1 Qc7 17. Ng3 Nf6 18. Ne5 Nxe5 19. dxe5 Ne8 20. Nf5 Qd7 21.
Re3 h5 22. Rg3 Kh8 23. Nh4 Qe7 24. Rg5 g6 25. Rxg6 1-0

[Event "2. Bundesliga West 2013/14"]
[Site "Salzburg"]
[Date "2013.10.19"]
[Round "2"]
[Board "5"]
[White "Pflug, Mathias"]
[Black "Ljubic, Juro"]
[Result "1-0"]
[WhiteElo "2298"]
[BlackElo "2227"]
[PlyCount "47"]
[EventDate "2013.10.18"]
[EventType "team"]
[EventRounds "11"]
[EventCountry "AUT"]
[WhiteTeam "SIR Bernhard 2"]
[BlackTeam "Schwarzach"]

1. e4 c5 2. Nf3 d6 3. d4 cxd4 4. Nxd4 Nf6 5. Nc3 g6 6. Be3 Bg7 7. f3 Nc6 8. Qd2
O-O 9. Bc4 Bd7 10. O-O-O Rc8 11. Bb3 Nxd4 12. Bxd4 b5 13. Nd5 Nxd5 14. Bxg7
Kxg7 15. exd5 a5 16. a3 Kg8 17. h4 Qc7 18. Rde1 Rfe8 19. h5 a4 20. hxg6 fxg6
21. Qh6 Kf7 22. Qxh7+ Kf6 23. Rh6 Bf5 24. Rxg6+ 1-0

[Event "2. Bundesliga West 2013/14"]
[Site "Salzburg"]
[Date "2013.10.19"]
[Round "2"]
[Board "6"]
[White "Huber, David"]
[Black "Huber, Wolfgang"]
[Result "1/2-1/2"]
[WhiteElo "2122"]
[BlackElo "2046"]
[PlyCount "93"]
[EventDate "2013.10.18"]
[EventType "team"]
[EventRounds "11"]
[EventCountry "AUT"]
[WhiteTeam "Schwarzach"]
[BlackTeam "SIR Bernhard 2"]

1. d4 Nf6 2. Nf3 e6 3. e3 d5 4. Bd3 c5 5. b3 Nc6 6. Bb2 Bd6 7. O-O O-O 8. a3
Qe7 9. Ne5 cxd4 10. exd4 Qc7 11. f4 Ne4 12. c4 f6 13. Nxc6 bxc6 14. g3 Bd7 15.
Bxe4 dxe4 16. Nd2 f5 17. b4 Be7 18. Qb3 Bf6 19. Qe3 a5 20. Nb3 Rfb8 21. Bc3
axb4 22. axb4 Be7 23. Nc5 Bc8 24. g4 Bd6 25. Bd2 Qe7 26. g5 Bxc5 27. dxc5 Ba6
28. Qe2 Rd8 29. Be3 Rd3 30. b5 Bb7 31. Rxa8+ Bxa8 32. Ra1 Qb7 33. b6 Qc8 34.
Ra7 Bb7 35. Kf2 e5 36. Kg2 exf4 37. Bxf4 Rd7 38. Qh5 Rf7 39. Qd1 Rd7 40. Bd6
Qe8 41. Qe2 Rf7 42. Bf4 Rd7 43. h4 h6 44. Kf2 Kh7 45. Bc7 Qc8 46. Qh5 Rd2+ 47.
Ke1 1/2-1/2

[Event "2. Bundesliga West 2013/14"]
[Site "Salzburg"]
[Date "2013.10.20"]
[Round "3"]
[Board "1"]
[White "Burschowsky, Matthias"]
[Black "Berchtenbreiter, Maximilian"]
[Result "0-1"]
[WhiteElo "2186"]
[BlackElo "2427"]
[PlyCount "76"]
[EventDate "2013.10.18"]
[EventType "team"]
[EventRounds "11"]
[EventCountry "AUT"]
[WhiteTeam "Pradl"]
[BlackTeam "Kufstein / Woergl"]

1.c4 Nf6 2.g3 e5 3.Bg2 c6 4.d4 exd4 5.Qxd4 d5 6.Nf3 Be7 7.cxd5 cxd5 8.O-O Nc6 9.Qa4
O-O 10.Nc3 Qb6 11.Qb5 d4 12.Qxb6 axb6 13.Nb5 Bc5 14.Bf4 Be6 15.b3 Nd5 16.Nc7 Nxc7
17.Bxc7 f6 18.Rad1 Rfc8 19.Bf4 Rd8 20.Bd2 Rxa2 21.b4 Be7 22.Bf4 Bxb4 23.Bc7 Rd7 24.Bxb6
Bc3 25.Ne1 Ra6 26.Bc5 Ne5 27.Rb1 Bc4 28.f4 Ng4 29.Bxb7 Bxe2 30.Bxa6 Bxa6 31.f5 h5
32.Rf4 d3 33.Nxd3 Bxd3 34.Rb8+ Kh7 35.Rb3 Be5 36.Rfb4 Bxf5 37.Rb7 Rd1+ 38.Kg2 Be4+ 0-1

[Event "2. Bundesliga West 2013/14"]
[Site "Salzburg"]
[Date "2013.10.20"]
[Round "3"]
[Board "2"]
[White "Koepke, Christian"]
[Black "Sucher, Johannes"]
[Result "*"]
[WhiteElo "2336"]
[BlackElo "2198"]
[PlyCount "75"]
[EventDate "2013.10.18"]
[EventType "team"]
[EventRounds "11"]
[EventCountry "AUT"]
[WhiteTeam "Kufstein / Woergl"]
[BlackTeam "Pradl"]

1.e4 Nf6 2.e5 Nd5 3.d4 d6 4.Bc4 Be6 5.Nf3 Ne3 6.Bb5+ c6 7.Bxc6+ Nxc6 8.Bxe3 dxe5 9.Nxe5
Nxe5 10.dxe5 Qa5+ 11.Nc3 Qxe5 12.O-O Bd7 13.Qd2 Bc6 14.Rad1 Qa5 15.a3 a6 16.b4 Qf5
17.a4 e6 18.b5 axb5 19.axb5 Bxb5 20.Nxb5 Qxb5 21.Rb1 Qc6 22.Rb6 Qc7 23.Qd4 Ra5 24.Rfb1
Rd5 25.Qa1 Bd6 26.Rxb7 Qd8 27.Qxg7 Rf8 28.g3 Be5 29.Qg4 Rh8 30.Qa4+ Kf8 31.Bh6+ Bg7
32.Rb8 Bxh6 33.Rxd8+ Rxd8 34.Rb7 Rg8 35.Qh4 Kg7 36.Qh5 Rgf8 37.Rb4 f5 38.Rb7+

[Event "2. Bundesliga West 2013/14"]
[Site "Salzburg"]
[Date "2013.10.20"]
[Round "3"]
[Board "3"]
[White "Meier, Alexander"]
[Black "Bertagnolli, Alexander"]
[Result "*"]
[WhiteElo "2165"]
[BlackElo "2333"]
[PlyCount "59"]
[EventDate "2013.10.18"]
[EventType "team"]
[EventRounds "11"]
[EventCountry "AUT"]
[WhiteTeam "Pradl"]
[BlackTeam "Kufstein / Woergl"]

1.e4 c5 2.Nf3 d6 3.d4 cxd4 4.Nxd4 Nf6 5.Nc3 a6 6.Bg5 e6 7.f4 Be7 8.Qe2 h6 9.Bxf6 Bxf6
10.O-O-O Nd7 11.g3 Qb6 12.Qc4 Qc5 13.Qd3 b5 14.Nb3 Qc7 15.Qxd6 Qxd6 16.Rxd6 Bxc3 17.bxc3
Ke7 18.e5 Bb7 19.Rg1 Rhc8 20.Kb2 Rc7 21.Bg2 Bxg2 22.Rxg2 Nf6 23.Rgd2 Ne4 24.R2d3 Rac8
25.Rxa6 Nxc3 26.Rd2 Nd5 27.Nd4 Ne3 28.Rd3 Nxc2 29.Nxc2 Rxc2+ 30.Kb3

[Event "2. Bundesliga West 2013/14"]
[Site "Salzburg"]
[Date "2013.10.20"]
[Round "3"]
[Board "5"]
[White "Lins, Philipp"]
[Black "Maurer, Jochen"]
[Result "*"]
[WhiteElo "2067"]
[BlackElo "2262"]
[PlyCount "71"]
[EventDate "2013.10.18"]
[EventType "team"]
[EventRounds "11"]
[EventCountry "AUT"]
[WhiteTeam "Pradl"]
[BlackTeam "Kufstein / Woergl"]

1.Nf3 g6 2.g3 Bg7 3.Bg2 c5 4.c4 Nc6 5.Nc3 e6 6.O-O Nge7 7.d3 O-O 8.Bf4 d5 9.cxd5 Nxd5
10.Nxd5 exd5 11.Qc1 b6 12.Bh6 Re8 13.Bxg7 Kxg7 14.d4 c4 15.Qd2 b5 16.Ne5 Qd6 17.Nxc6
Qxc6 18.Rfe1 Bd7 19.h4 h5 20.Bf3 a5 21.Qg5 Qf6 22.Qxf6+ Kxf6 23.Kf1 Ke6 24.Rec1 Kd6
25.Ke1 Bc8 26.Kd2 Bf5 27.a3 Rab8 28.e3 Rb6 29.Bd1 b4 30.axb4 axb4 31.Bc2 Bxc2 32.Kxc2
Re7 33.Ra5 Re6 34.Ra7 Re7 35.Rca1 Rbb7 36.R7a5

[Event "2. Bundesliga West 2013/14"]
[Site "Salzburg"]
[Date "2013.10.20"]
[Round "3"]
[Board "6"]
[White "Neuschmied, Siegfried"]
[Black "Praxmarer, Christian"]
[Result "*"]
[WhiteElo "2221"]
[BlackElo "1989"]
[PlyCount "59"]
[EventDate "2013.10.18"]
[EventType "team"]
[EventRounds "11"]
[EventCountry "AUT"]
[WhiteTeam "Kufstein / Woergl"]
[BlackTeam "Pradl"]

1.e4 e6 2.d4 d5 3.e5 c5 4.c3 Nc6 5.Nf3 Nge7 6.Bd3 cxd4 7.cxd4 Qb6 8.Nc3 Bd7 9.Bb1
Qa6 10.Be3 Ng6 11.Bd3 Qb6 12.a3 Na5 13.b4 Nc4 14.Bxc4 dxc4 15.d5 Qd8 16.O-O Nh4 17.Nxh4
Qxh4 18.d6 g6 19.Qd2 Bg7 20.Bg5 Qg4 21.f4 O-O 22.Rf3 h5 23.Ne4 h4 24.Rh3 Qf5 25.Nf6+
Bxf6 26.Bxf6 c3 27.Qe3 g5 28.fxg5 Qg4 29.Qf2 c2 30.Rxh4

[Event "2. Bundesliga West 2013/14"]
[Site "Salzburg"]
[Date "2013.10.20"]
[Round "3"]
[Board "1"]
[White "Bayer, Bernhard"]
[Black "Lanka, Zigurds"]
[Result "*"]
[WhiteElo "2444"]
[BlackElo "2432"]
[PlyCount "60"]
[EventDate "2013.10.18"]
[EventType "team"]
[EventRounds "11"]
[EventCountry "AUT"]
[WhiteTeam "Schwaz"]
[BlackTeam "Zillertal"]

1.c4 Nf6 2.Nc3 g6 3.g3 Bg7 4.Bg2 O-O 5.d4 d6 6.e3 c5 7.Nge2 Nc6 8.O-O Bg4 9.h3 cxd4
10.exd4 Bxe2 11.Nxe2 d5 12.b3 dxc4 13.bxc4 Rc8 14.Rb1 b6 15.Qa4 Nxd4 16.Nxd4 Qxd4
17.Qxa7 Qxc4 18.Qxe7 Nd5 19.Bxd5 Qxd5 20.Bb2 Rfe8 21.Qb4 Qxa2 22.Bxg7 Kxg7 23.Qd4+
Kg8 24.Rxb6 Qc4 25.Qxc4 Rxc4 26.Rb2 h5 27.h4 Rec8 28.Kg2 Rc1 29.Rb8 Rxb8 30.Rxc1 Kg7

[Event "2. Bundesliga West 2013/14"]
[Site "Salzburg"]
[Date "2013.10.20"]
[Round "3"]
[Board "2"]
[White "Kleissl, Helmut"]
[Black "Fuchs, Georg"]
[Result "*"]
[WhiteElo "2291"]
[BlackElo "2230"]
[PlyCount "89"]
[EventDate "2013.10.18"]
[EventType "team"]
[EventRounds "11"]
[EventCountry "AUT"]
[WhiteTeam "Zillertal"]
[BlackTeam "Schwaz"]

1.c4 e5 2.g3 Nf6 3.Bg2 d5 4.cxd5 Nxd5 5.Nc3 Be6 6.Nf3 Nc6 7.O-O Nb6 8.a3 Be7 9.b4
O-O 10.Rb1 a6 11.a4 Bf5 12.b5 axb5 13.axb5 Na5 14.d3 f6 15.Be3 Be6 16.Qc2 Nd5 17.Nxd5
Bxd5 18.Rfc1 c6 19.bxc6 Nxc6 20.Bc5 Ra2 21.Bxe7 Nxe7 22.Rb2 Rxb2 23.Qxb2 Qa5 24.Nd2
Bxg2 25.Kxg2 b5 26.Qb3+ Kh8 27.Ne4 b4 28.Qe6 Ng6 29.Nd6 h6 30.h4 Qa7 31.h5 Ne7 32.e4
Rb8 33.Qf7 b3 34.Ne8 Nc6 35.Qf8+ Kh7 36.Rxc6 b2 37.Rxf6 Rxe8 38.Qxe8 gxf6 39.Qg6+
Kh8 40.Qxh6+ Kg8 41.Qg6+ Kh8 42.Qe8+ Kg7 43.Qb5 Qa1 44.Qb7+ Kf8 45.Qc8+

[Event "2. Bundesliga West 2013/14"]
[Site "Salzburg"]
[Date "2013.10.20"]
[Round "3"]
[Board "3"]
[White "Blaas, Hansjoerg"]
[Black "Platzgummer, Fabian"]
[Result "0-1"]
[WhiteElo "2261"]
[BlackElo "2314"]
[PlyCount "42"]
[EventDate "2013.10.18"]
[EventType "team"]
[EventRounds "11"]
[EventCountry "AUT"]
[WhiteTeam "Schwaz"]
[BlackTeam "Zillertal"]

1.e4 e5 2.Bc4 Nf6 3.d4 exd4 4.Nf3 Nc6 5.O-O Nxe4 6.Re1 d5 7.Bxd5 Qxd5 8.Nc3 Qh5 9.Nxe4
Be6 10.Neg5 O-O-O 11.Nxe6 fxe6 12.Rxe6 Bd6 13.Qe2 d3 14.Qe4 dxc2 15.Qxc2 Bxh2+ 16.Nxh2
Rd1+ 17.Nf1 Rxf1+ 18.Kxf1 Qh1+ 19.Ke2 Nd4+ 20.Kd2 Nxc2 21.Kxc2 Rd8 0-1

[Event "2. Bundesliga West 2013/14"]
[Site "Salzburg"]
[Date "2013.10.20"]
[Round "3"]
[Board "4"]
[White "Tabernig, Bernhard"]
[Black "Gruber, Michael"]
[Result "*"]
[WhiteElo "2350"]
[BlackElo "2205"]
[PlyCount "90"]
[EventDate "2013.10.18"]
[EventType "team"]
[EventRounds "11"]
[EventCountry "AUT"]
[WhiteTeam "Zillertal"]
[BlackTeam "Schwaz"]

1.d4 f5 2.g3 Nf6 3.Bg2 g6 4.c3 Bg7 5.Nd2 d6 6.e4 Nc6 7.Qb3 e5 8.exf5 gxf5 9.Ne2 e4
10.Nf1 Qe7 11.Nf4 Qf7 12.Ne3 Bh6 13.Qxf7+ Kxf7 14.Ned5 Bxf4 15.Nxf4 Ne7 16.O-O Ng6
17.f3 d5 18.Nxd5 Nxd5 19.fxe4 Nf6 20.e5 Ng8 21.g4 N8e7 22.gxf5 Nxf5 23.Bxb7 Bxb7 24.Rxf5+
Ke6 25.Rf6+ Kd5 26.Kf2 Raf8 27.Bg5 h6 28.Rxf8 Rxf8+ 29.Bf6 c5 30.Ke3 cxd4+ 31.cxd4
Rc8 32.Rg1 Nf8 33.Rg7 Rb8 34.b3 a6 35.Rg8 Rc8 36.Bg7 Ne6 37.Rxc8 Bxc8 38.Bxh6 Nxd4
39.Bf4 Bh3 40.Kd3 Bf5+ 41.Kd2 Bb1 42.h4 Bg6 43.Bg5 Kxe5 44.Ke3 Kd5 45.a4 Be8

[Event "2. Bundesliga West 2013/14"]
[Site "Salzburg"]
[Date "2013.10.20"]
[Round "3"]
[Board "5"]
[White "Kondrak, Christof"]
[Black "Kupfner, Franz"]
[Result "*"]
[WhiteElo "2165"]
[BlackElo "2178"]
[PlyCount "71"]
[EventDate "2013.10.18"]
[EventType "team"]
[EventRounds "11"]
[EventCountry "AUT"]
[WhiteTeam "Schwaz"]
[BlackTeam "Zillertal"]

1.d4 Nf6 2.c4 e6 3.Nc3 d5 4.Nf3 c6 5.Bg5 Nbd7 6.e3 Be7 7.h3 h6 8.Bf4 O-O 9.c5 b6 10.b4
a5 11.a3 Ne4 12.Nxe4 dxe4 13.Nd2 e5 14.dxe5 axb4 15.axb4 Rxa1 16.Qxa1 bxc5 17.Nxe4
cxb4 18.Be2 Nc5 19.Nd6 Be6 20.O-O Qb6 21.e4 Bxd6 22.exd6 Nxe4 23.Qe5 Nc3 24.Bd3 Qd8
25.Bd2 Nd5 26.Qe4 Nf6 27.Qxb4 Qd7 28.Rd1 Rd8 29.Qh4 Nh7 30.Ba5 Ra8 31.Bc3 Nf8 32.Qg3
f5 33.Re1 f4 34.Qxf4 Qf7 35.Qd4 Re8 36.Re3

[Event "2. Bundesliga West 2013/14"]
[Site "Salzburg"]
[Date "2013.10.20"]
[Round "3"]
[Board "6"]
[White "Schiestl, Josef"]
[Black "Streiter, Gerhard"]
[Result "*"]
[WhiteElo "2102"]
[BlackElo "1993"]
[PlyCount "56"]
[EventDate "2013.10.18"]
[EventType "team"]
[EventRounds "11"]
[EventCountry "AUT"]
[WhiteTeam "Zillertal"]
[BlackTeam "Schwaz"]

1.e4 c5 2.Nf3 d6 3.d4 cxd4 4.Nxd4 Nf6 5.Nc3 g6 6.Be3 Bg7 7.f3 O-O 8.Qd2 Nc6 9.Bc4
Bd7 10.O-O-O Rc8 11.Bb3 Nxd4 12.Bxd4 b5 13.Nd5 Nxd5 14.exd5 a5 15.Bxg7 Kxg7 16.Qd4+
Kg8 17.a3 b4 18.axb4 axb4 19.Qxb4 Rc5 20.Rd3 Qa8 21.Kd2 Rb8 22.Ra1 Qxa1 23.Qxb8+ Kg7
24.Qb4 Qf1 25.g4 Qf2+ 26.Kc1 Qf1+ 27.Kd2 Qf2+ 28.Kc1 Qf1+

[Event "2. Bundesliga West 2013/14"]
[Site "Salzburg"]
[Date "2013.10.20"]
[Round "3"]
[Board "2"]
[White "Sergeev, Vladimir"]
[Black "Atlas, Valery"]
[Result "*"]
[WhiteElo "2421"]
[BlackElo "2444"]
[PlyCount "97"]
[EventDate "2013.10.18"]
[EventType "team"]
[EventRounds "11"]
[EventCountry "AUT"]
[WhiteTeam "Dornbirn"]
[BlackTeam "Hohenems II"]

1.c4 Nf6 2.g3 c5 3.Bg2 Nc6 4.Nc3 e5 5.d3 g6 6.a3 d6 7.Rb1 Bg7 8.Bg5 h6 9.Bxf6 Bxf6
10.e3 O-O 11.Nge2 Be6 12.b4 Qd7 13.O-O Rac8 14.Qb3 b6 15.Nd5 Bg7 16.b5 Na5 17.Qc2
f5 18.Rbe1 Kh8 19.f4 Rf7 20.Kh1 Rg8 21.a4 g5 22.Qd1 Qd8 23.Rf2 Bf6 24.Qc2 h5 25.Nxf6
Qxf6 26.fxg5 Qxg5 27.Ng1 Qg7 28.Nf3 e4 29.Nd2 h4 30.Rf4 Rf6 31.Rxh4+ Rh6 32.Rxh6+
Qxh6 33.Kg1 exd3 34.Qxd3 Rd8 35.Rf1 Qg5 36.Rf4 Kg7 37.Bd5 Bc8 38.Qc3+ Qf6 39.Qxf6+
Kxf6 40.e4 Re8 41.Kf2 Kg6 42.h4 Rh8 43.exf5+ Bxf5 44.g4 Bc2 45.h5+ Kh6 46.Nf3 Rd8
47.g5+ Kg7 48.Rf7+ Kh8 49.g6

[Event "2. Bundesliga West 2013/14"]
[Site "Salzburg"]
[Date "2013.10.20"]
[Round "3"]
[Board "3"]
[White "Gaertner, Guntram"]
[Black "Klocker, Benedikt"]
[Result "*"]
[WhiteElo "2280"]
[BlackElo "2193"]
[PlyCount "55"]
[EventDate "2013.10.18"]
[EventType "team"]
[EventRounds "11"]
[EventCountry "AUT"]
[WhiteTeam "Hohenems II"]
[BlackTeam "Dornbirn"]

1.b3 d5 2.Bb2 c5 3.e3 e6 4.Nf3 Nc6 5.Bb5 Bd7 6.O-O Nf6 7.c4 a6 8.Bxc6 Bxc6 9.Ne5 Rc8
10.Nxc6 Rxc6 11.Bxf6 Qxf6 12.cxd5 exd5 13.Nc3 Bd6 14.Qh5 Qe5 15.Qxe5+ Bxe5 16.Rac1
d4 17.Ne4 dxe3 18.fxe3 b6 19.d4 Bb8 20.dxc5 O-O 21.cxb6 Rxb6 22.Nd2 Re6 23.Nc4 Ba7
24.Rfe1 f5 25.g3 g5 26.Kg2 Re4 27.Rcd1 Rf7 28.Nd6

[Event "2. Bundesliga West 2013/14"]
[Site "Salzburg"]
[Date "2013.10.20"]
[Round "3"]
[Board "4"]
[White "Kanonier, Clemens"]
[Black "Atlas, Dmitry"]
[Result "*"]
[WhiteElo "2112"]
[BlackElo "2177"]
[PlyCount "106"]
[EventDate "2013.10.18"]
[EventType "team"]
[EventRounds "11"]
[EventCountry "AUT"]
[WhiteTeam "Dornbirn"]
[BlackTeam "Hohenems II"]

1.e4 e6 2.d4 d5 3.Nc3 Bb4 4.e5 c5 5.a3 Bxc3+ 6.bxc3 Ne7 7.Qg4 Kf8 8.Qd1 Qa5 9.Bd2
Qa4 10.Qb1 c4 11.h4 Nbc6 12.h5 h6 13.Ne2 b5 14.g4 Ke8 15.f4 Kd8 16.Bh3 Bd7 17.O-O
g6 18.Ng3 Kc7 19.Kh2 Raf8 20.Qd1 Kb7 21.Be1 a6 22.Bf2 Na7 23.Qd2 Nac8 24.Ne2 gxh5
25.gxh5 f5 26.exf6 Rxf6 27.Bh4 Rf7 28.Ng3 Rg8 29.Rf2 Nd6 30.Bxe7 Rxe7 31.Qe3 Reg7
32.Rg1 Qxa3 33.f5 exf5 34.Qxh6 Rxg3 35.Rxg3 Rxg3 36.Kxg3 Ne4+ 37.Kg2 Qxc3 38.Qg7 Kc6
39.Bxf5 Bxf5 40.Rxf5 Qxc2+ 41.Kh3 Qc3+ 42.Kh2 Qd2+ 43.Kh3 Qe3+ 44.Kh2 Nd6 45.Rg5 c3
46.Rg2 Qf4+ 47.Kh1 Qh4+ 48.Kg1 Qe1+ 49.Kh2 Qh4+ 50.Kg1 Qxh5 51.Qa7 Qd1+ 52.Kh2 Qh5+
53.Kg1 Qd1+

[Event "2. Bundesliga West 2013/14"]
[Site "Salzburg"]
[Date "2013.10.20"]
[Round "3"]
[Board "5"]
[White "Jedlicka, Robert"]
[Black "Gsteu, Peter"]
[Result "*"]
[WhiteElo "2095"]
[BlackElo "2146"]
[PlyCount "81"]
[EventDate "2013.10.18"]
[EventType "team"]
[EventRounds "11"]
[EventCountry "AUT"]
[WhiteTeam "Hohenems II"]
[BlackTeam "Dornbirn"]

1.Nf3 Nf6 2.c4 e6 3.d4 b6 4.Bg5 Be7 5.Nc3 Bb7 6.Qc2 d5 7.e3 h6 8.Bxf6 Bxf6 9.cxd5
exd5 10.Bb5+ c6 11.Be2 Nd7 12.Rc1 O-O 13.O-O Re8 14.Rfd1 Qe7 15.Ne1 g6 16.Bf3 Bg5
17.g3 h5 18.h4 Bh6 19.Nd3 Qd6 20.Kg2 Re6 21.Ne2 Kg7 22.Nef4 Ree8 23.a3 Rec8 24.Qa4
a5 25.Rc3 Kg8 26.Rdc1 Bg7 27.Qd1 Rd8 28.g4 hxg4 29.Bxg4 Nf6 30.Ne5 Nxg4 31.Nxg4 c5
32.dxc5 bxc5 33.Rxc5 d4+ 34.f3 dxe3 35.Qxd6 Rxd6 36.Rb5 Rd2+ 37.Kg3 Ba6 38.Rxa5 e2
39.Re1 Bxb2 40.Rxe2 Rxe2 41.Nxe2

[Event "2. Bundesliga West 2013/14"]
[Site "Salzburg"]
[Date "2013.10.20"]
[Round "3"]
[Board "6"]
[White "Proyer, Enno"]
[Black "Hofer, Emilian"]
[Result "*"]
[WhiteElo "1956"]
[BlackElo "2046"]
[PlyCount "68"]
[EventDate "2013.10.18"]
[EventType "team"]
[EventRounds "11"]
[EventCountry "AUT"]
[WhiteTeam "Dornbirn"]
[BlackTeam "Hohenems II"]

1.d4 d5 2.c4 c6 3.Nf3 Nf6 4.e3 Bf5 5.Nc3 e6 6.Nh4 Be4 7.f3 Bg6 8.Qb3 Qc7 9.Bd2 Nbd7
10.Rc1 Rc8 11.g3 Qb8 12.cxd5 exd5 13.Kf2 Be7 14.Nxg6 hxg6 15.Bd3 O-O 16.a4 Bd6 17.Kg2
Bc7 18.Qa2 a5 19.Ne2 Rfe8 20.Rhe1 Re7 21.Nc3 Rce8 22.e4 dxe4 23.Nxe4 Nd5 24.Bg5 Re6
25.Bd2 Qa7 26.Nc5 Rxe1 27.Bxe1 N7f6 28.Qb3 Bb6 29.Bf2 Qb8 30.Ne4 Rd8 31.Bc4 Qa7 32.Nc5
Qb8 33.Ne4 Qa7 34.Nc5 Qb8